| 000 | 00668nam a22001697a 4500 | ||
|---|---|---|---|
| 999 |
_c14884 _d14884 |
||
| 003 | OSt | ||
| 082 | _2664 ANU/DE | ||
| 088 | _aT 388 | ||
| 100 |
_aANUPAMA B.M _93962 |
||
| 245 | _aDevelopment and Performance Evaluation of a Blancher Cum Dryer for Jackfruit | ||
| 260 |
_aTavanur 2017 _bDEPARTMENT OF FOOD AND AGRICULTURAL PROCESS ENGINEERING |
||
| 500 | _aDevelopment and Performance Evaluation of a Blancher Cum Dryer for Jackfruit | ||
| 520 | _aDevelopment and Performance Evaluation of a Blancher Cum Dryer for Jackfruit | ||
| 700 |
_aDr. Sudheer K. P (Guide) _93963 |
||
| 856 | _uhttps://drive.google.com/open?id=1FexmVng676E4dQy_pK-FsxDyZZrCczfP | ||
| 942 | _cTH | ||